| 000 | 00480nam a2200205Ia 4500 | ||
|---|---|---|---|
| 008 | 210210b1933 xxu||||| |||| 00| 0 eng d | ||
| 041 | _aeng | ||
| 082 | _a954/543 | ||
| 100 | _a- | ||
| 245 | _aProposals for Indian constitutional reform | ||
| 260 |
_aDelhi _bManager of Publications _c1933 |
||
| 300 | _a119 | ||
| 650 | _areform | ||
| 650 | _aProposals | ||
| 650 | _aIndian | ||
| 650 | _afor | ||
| 650 | _aconstitutional | ||
| 690 | _aIndian History | ||
| 906 | _a000242 | ||
| 999 |
_c121022 _d121022 |
||